Základy ekonomiky podniků místního hospodářství a výrobních družstev

Guardado en:
Detalles Bibliográficos
Autor principal: Konečná, Marika
Autor Corporativo: Vysoká škola ekonomická v Praze. Obchodní fakulta
Formato: Libro
Lenguaje:checo
Publicado: Praha Státní pedagogické nakladatelství 1984
Etiquetas: Agregar Etiqueta
Sin Etiquetas, Sea el primero en etiquetar este registro!

MARC

LEADER 00000nam a2200000 4500
001 c107156
005 20190425092940.1
041 0 |a cze 
044 |a CZ 
245 1 0 |a Základy ekonomiky podniků místního hospodářství a výrobních družstev  |c Marika Konečná 
264 1 |a Praha  |b Státní pedagogické nakladatelství  |c 1984 
300 |a 141 s. 
100 1 |a Konečná, Marika 
710 2 |a Vysoká škola ekonomická v Praze. Obchodní fakulta